Sylvester and Tweety [

Bibliographic Details
Format: Book
Published: United Kingdom : Warner Bros , 1990
Subjects:

MARC

LEADER 00000cam a2200000 7i4500
001 0000000119
002 000000135
005 20021003.0
020 |a 000000135 
090 0 0 |a JF   |b SYL 
245 0 0 |a Sylvester and Tweety [  |h video recording] 
260 |a United Kingdom :   |b Warner Bros ,   |c 1990 
300 |a 1 Video recording VHS (60 minutes) :   |b col.(PAL) 
500 |a Library has 1 copy 
650 0 0 |a Cartoon and carricatures 
999 |a PV0109   |b VIDEO   |c JUNIOR REFERENCE   |e PERPUSTAKAAN KOMUNITI PETALING JAYA